000 00762nam a2200241Ia 4500
003 OSt
005 20220926013450.0
006 a|||||r|||| 00| 0
007 ta
008 220923b |||||||| |||| 00| 0 eng d
037 _cGeneral Book
040 _aRTL
_cRTL
_beng
041 _2eng
_aeng
082 _aX755-65291:(Z,3), K6.62-2/UN
110 _aKERALA, INTERNATIONAL DEVELOPMENT ASSOCIATION
_9318423
245 0 _aKerala project agreement
_b Kerala agricultural dev
260 _aNew York
_bIDA USA
_c1966
300 _a11p.
_ccm.
650 _aForeign Loan
700 _aKERALA, INTERNATIONAL DEVELOPMENT ASSOCIATION
_9318424
942 _hX755-65291:(Z,3), K6.62-2/UN
_cGB
_2CC
999 _c626066
_d626066